00629nam a2200157 a 450000100100000000500170001000800410002702000150006804000250008310000300010824501140013826000730025230000230032595201060034899900170045400003772920201002031115.0130304s1985 sp 000 0 spa d a8400059255 aDO-SdBNPbspacBNPHU1 aCano Díaz, Pedro96419514aUna contribución a la ciencia histológica :bla obra de don Pío del Río-Hortega /cPedro Cano-Díaz. aMadrid :bConsejo Superior de Investigaciones Científicas ,c1985. a219 p. : ;c24 cm. 0010507-18MOaGRbGRcOId2013-03-04iLF1l0o p37729-10r2020-06-25w2020-06-25y1ZNo se presta c37219d37219